Equilibrium Exchange Rates in Transition Economies

Salvato in:
Dettagli Bibliografici
Autore principale: Halpern, László
Altri autori: Wyplosz, Charles
Natura: Libro
Lingua:inglese
Pubblicazione: Washington International Monetary Fund 1996
Edizione:1. ed.
Serie:IMF Working Paper 125
Soggetti:
Tags: Aggiungi Tag
Nessun Tag, puoi essere il primo ad aggiungerne!!

MARC

LEADER 00000nam a2200000 4500
001 c017516
005 20221205125139.0
041 0 |a eng 
044 |a US 
245 1 0 |a Equilibrium Exchange Rates in Transition Economies  |c László Halpern, Charles Wyplosz 
250 |a 1. ed. 
264 1 |a Washington  |b International Monetary Fund  |c 1996 
300 |a 39 s. 
490 1 |a IMF Working Paper  |v 125 
830 0 |a IMF Working Paper  |v 125 
610 2 0 |a inflácia 
610 2 0 |a mzdy priemerné 
610 2 0 |a dolár 
610 2 0 |a kurz výmenný 
610 2 0 |a rovnováha 
610 2 0 |a porovnanie medzinárodné 
610 2 0 |a nadhodnota 
610 2 0 |a politika devízová 
610 2 0 |a metodológia 
610 2 0 |a ekonometria 
610 2 0 |a SVE 
100 1 |a Halpern, László 
700 1 |a Wyplosz, Charles